000 00843nam0a22002651 4500
001 rc\2781180
005 20250806210247.0
035 _a(NLR Aleph) 006907416
090 _a22290
_c22290
100 _a20110915d1942 u y0rusy50 ca
101 0 _arus
102 _aRU
105 _aa z |||||
200 1 _aПожарные рукава и принадлежности к ним
205 _a2-е изд.
210 _aМосква
_aЛенинград
_cИзд-во Наркомхоза РСФСР
_d1942
215 _a39 с.
_cил.
_d22 см.
700 1 _aПрохоров
_bА.И.
_gАлександр Иванович
801 0 _aRU
_bNLR
_gpsbo
801 1 _aRU
_bELAR
_2rusmarc
852 _aNLR
_j66-6/10013
942 _cBOOK
945 _aРоссийская национальная библиотека
980 _aNB
980 _aBV